| 000 | 00547nam a2200193 a 4500 | ||
|---|---|---|---|
| 001 | 763 | ||
| 003 | CO-ViMGA | ||
| 008 | 141112s2004 ck r 000 u spa d | ||
| 040 |
_aCO-ViMGA _bspa _cCO-ViMGA |
||
| 082 | _a863.3 C378t | ||
| 100 | 1 |
_aCervantes Saavedra, Miguel de _93986 |
|
| 245 | 1 | 0 | _aTres novelas ejemplares |
| 260 |
_aSantafé de Bogotá : _bNorma, _c1996 |
||
| 300 | _a188, 79 p | ||
| 490 | _aCara y cruz | ||
| 500 | _aEncuadernado con A propósito de Cervantes y su obra. | ||
| 650 | 1 | 4 |
_aNOVELA ESPAÑOLA _9488 |
| 942 |
_2ddc _cBK |
||
| 999 |
_c11290 _d11290 |
||